| 000 | 00727nam a2200205Ia 4500 | ||
|---|---|---|---|
| 003 | GCL | ||
| 008 | 140319s9999 xx 000 0 ara d | ||
| 020 | _a3116209977 | ||
| 040 |
_aGCL / _cGCL |
||
| 082 | 0 | 4 |
_aق _b923.1 _bل ف |
| 100 | 1 | _aلطيفة محمد سالم | |
| 245 | 1 | 0 |
_aفاروق من الميلاد الى الرحيل ( 1920 - 1965 ) / _cلطيفة محمد سالم |
| 250 | _aالاولى | ||
| 260 |
_aالقاهرة : _bدار الشروق ، _c2005 |
||
| 300 |
_a849 ص ؛ _c24 سم |
||
| 650 | 0 | 4 | _aالملوك المصريون |
| 650 | 0 | 4 | _aمصر - الملوك والحكام |
| 650 | 0 | 4 | _aمصر - تاريخ - العصر الحديث - الملك فاروق ( 1936-1952 م ) |
| 942 |
_2ddc _cBK |
||
| 999 |
_c8200 _d8200 |
||